| 000 | 00435nam a2200145Ia 4500 | ||
|---|---|---|---|
| 008 | 210430s9999 xx 000 0 und d | ||
| 020 | _a978-0471275077 | ||
| 082 | _a668.903 E5615 E | ||
| 100 | _aHerman F Mark | ||
| 245 |
_aEncyclopedia of Polymer Science and technology Vol 9 of 12 / _cHerman F Mark |
||
| 250 | _a3rd edition | ||
| 260 |
_aNew Jersey _bJohn wiley & Sons publication _c2003 |
||
| 300 | _a739p. | ||
| 942 |
_cBK _2ddc |
||
| 999 |
_c562048 _d562048 |
||